| 000 | 00553cam a22002057a 4500 | ||
|---|---|---|---|
| 001 | 000254 | ||
| 003 | armpunfd | ||
| 005 | 20140612090604.0 | ||
| 008 | 011019e1987####xx#a##########000#0#und#d | ||
| 040 |
_aarmpunfd _carmpunfd |
||
| 080 | _a343.53 F 279 | ||
| 100 | 1 | 0 | _a Favier- Dubois, Eduardo Mario |
| 245 | 1 | 0 | _aManual de derecho penal economico |
| 260 |
_a Buenos Aires _b El Coloquio _cIMPR. DE 1987 |
||
| 300 | _a121 p. | ||
| 650 | 7 |
_a Derecho Penal _2LEMB |
|
| 650 | 7 |
_a Economia _2LEMB |
|
| 942 |
_cLB _2cdu |
||
| 945 |
_aCatalis _d2010-08-19 |
||
| 999 |
_c252 _d230756 |
||